00632nam a2200181Ia 4500008004000000020001800040082001900058100003500077245007000112250000500182260004500187300000800232650001600240690002500256906001100281999001700292952014100309210210b1989 xxu||||| |||| 00| 0 eng d a81 7040 003 1 a338.95487 MADK aMADAIAH (M) and RAMAPRIYA (R). aKarnataka economy growths, issues and lines of development. Ed 1. a aBombay.bHimalaya Publishing Housec1989 a186 aKarnataka  aEconomic Development a042757 c92302d92302 001040708EconomicsaALbALcEconomicsd2021-02-17g175.00l1o338.95487 MADKp042757r2024-01-02 00:00:00s2023-01-16w2021-02-17yBK